000 00661nam a2200217Ia 4500
008 191130s1997##################000#0#eng##
020 _a9781898507598
022 _a98134904
040 _aACL
_cACL
082 _a618.2 HOB
100 _aHobbs, Lesley
245 _aThe independent midwife : a guide to independent midwifery practice
_cLesley Hobbs
250 _a2nd ed
260 _aHale, Cheshire, England
_bBooks for Midwives Press
_c1997
300 _av, 106 p. ; 23 cm
500 _aIncludes bibliographical references (p. 80) and index
650 _aMidwifery
990 _ab672798aac10000c481104ed85283ec4
991 _a62590
999 _c53797
_d53797